|
|
|
|
| LEADER |
01266cam a22002774a 4500 |
| 001 |
13072982 |
| 005 |
20240905145423.0 |
| 008 |
030129s2004 mauab b 001 0 eng |
| 010 |
|
|
|a 2003001976
|
| 020 |
|
|
|a 0072528095 (alk. paper)
|
| 040 |
|
|
|a DLC
|c DLC
|d DLC
|
| 042 |
|
|
|a pcc
|
| 050 |
0 |
0 |
|a GB5014
|b .A24 2004
|
| 082 |
0 |
0 |
|a 904/.5
|2 21
|
| 100 |
1 |
|
|a Abbott, Patrick L.
|9 55891
|
| 245 |
1 |
0 |
|a Natural disasters /
|c Patrick L. Abbott.
|
| 250 |
|
|
|a Forth edition.
|
| 260 |
|
|
|a Boston :
|b McGraw-Hill Higer Education,
|c 2004.
|
| 300 |
|
|
|a xiv, 460 pages :
|b ill., maps ;
|c 28 cm.
|
| 504 |
|
|
|a Includes bibliographical references.
|
| 541 |
|
|
|a Donation from the Asia Foundation/ Savar Campus
|e 43006, 43007
|
| 650 |
|
0 |
|a Natural disasters.
|
| 942 |
|
|
|2 ddc
|c BK
|
| 999 |
|
|
|c 46951
|d 46951
|
| 952 |
|
|
|0 0
|1 0
|2 ddc
|4 0
|6 904_500000000000000_ABB
|7 0
|9 76149
|a SCL
|b SCL
|c GEN
|d 2024-09-05
|e Donation from the Asia Foundation/ Savar Campus
|l 0
|o 904.5 ABB
|p 3020043006
|r 2024-09-05
|t 1
|w 2024-09-05
|y BK
|x Donation from the Asia Foundation/ Savar Campus
|
| 952 |
|
|
|0 0
|1 0
|2 ddc
|4 0
|6 904_500000000000000_ABB
|7 0
|9 76150
|a SCL
|b SCL
|c GEN
|d 2024-09-05
|e Donation from the Asia Foundation/ Savar Campus
|l 0
|o 904.5 ABB
|p 3020043007
|r 2024-09-05
|t 2
|w 2024-09-05
|y BK
|x Donation from the Asia Foundation/ Savar Campus
|